[Event "ch-FRA Blitz Online Qual"]
[Site "Europe-Chess INT"]
[Date "2020.05.16"]
[Round "11"]
[White "Ragneau, Freddy"]
[Black "Bui, Christopher"]
[Result "0-1"]
[WhiteElo "1859"]
[BlackElo "1849"]
[WhiteFideId "36001228"]
[BlackFideId "45107998"]
[EventDate "2020.05.16"]

1. e4 c5 2. Nf3 d6 3. d4 cxd4 4. Nxd4 Nf6 5. Nc3 a6 6. Be2 e5 7. Nb3 Be7 8. O-O
O-O 9. Be3 Nbd7 10. h3 b5 11. a3 Bb7 12. Bf3 Rc8 13. Rc1 Nb6 14. Nd5 Nfxd5 15.
exd5 Nc4 16. Rb1 f5 17. Bc1 e4 18. Be2 Nb6 19. Be3 Nxd5 20. Nd4 Nxe3 21. fxe3
Qd7 22. c3 Bg5 23. Nc2 d5 24. Qe1 Qd6 25. Kh1 Rc7 26. Rd1 Rcf7 27. Qf2 f4 28.
exf4 Rxf4 29. Qd4 Rxf1+ 30. Rxf1 Rxf1+ 31. Bxf1 Bf6 32. Qe3 h6 33. Nd4 Kh7 34.
Kg1 Bc8 35. Be2 Be5 36. Bg4 Bf4 37. Qe2 Bxg4 38. Qxg4 Be3+ 39. Kh1 Bxd4 40. cxd4
Qf6 41. Qd1 e3 42. Kg1 Qf2+ 43. Kh1 e2 44. Qd3+ Kh8 45. Qg6 e1=Q+ 46. Kh2 Qf4+
47. g3 Qff2# 0-1

[Event "ch-FRA Blitz Online Qual"]
[Site "Europe-Chess INT"]
[Date "2020.05.16"]
[Round "11"]
[White "Delabre, Gaspard"]
[Black "Dore, Armand"]
[Result "0-1"]
[WhiteElo "1449"]
[BlackElo "1855"]
[WhiteFideId "36076627"]
[BlackFideId "680508"]
[EventDate "2020.05.16"]

1. e4 c5 2. Nf3 d6 3. Bb5+ Nd7 4. c4 Nf6 5. Nc3 g6 6. d4 cxd4 7. Nxd4 Bg7 8. b3
O-O 9. Bb2 Nc5 10. f3 Qa5 11. O-O a6 12. Ba4 Qb6 13. Qd2 Nh5 14. Nd5 Qd8 15. Nc3
Nf6 16. b4 Nxa4 17. Nxa4 b5 18. cxb5 axb5 19. Nc3 Qb6 20. Nxb5 e5 21. Qd3 Ba6
22. a4 Bxb5 23. Qxb5 Qa7 24. Rfd1 Nh5 25. a5 exd4 26. Qc4 Nf4 27. Kf1 Rac8 28.
Qb5 Rc2 29. Rab1 Nxg2 30. Qd3 Ne3+ 0-1

[Event "ch-FRA Blitz Online Qual"]
[Site "Europe-Chess INT"]
[Date "2020.05.16"]
[Round "11"]
[White "Bellahcene, Meriem"]
[Black "Ben Mohamed, Kader"]
[Result "0-1"]
[WhiteElo "1936"]
[BlackElo "1591"]
[WhiteFideId "20655347"]
[BlackFideId "45118523"]
[EventDate "2020.05.16"]

1. e4 d5 2. exd5 Nf6 3. d6 exd6 4. Nc3 Bf5 5. Bc4 Qe7+ 6. Nge2 g6 7. O-O Bg7 8.
Re1 Qd7 9. Nd4+ Kd8 10. Nxf5 Qxf5 11. Bxf7 Rf8 12. Be6 Qc5 13. d4 Qb6 14. Rb1
Nbd7 15. Be3 c6 16. d5 c5 17. b4 Qc7 18. Nb5 Qb6 19. bxc5 Nxc5 20. c4 Nfe4 21.
Qg4 Nf6 22. Qg3 Ke7 23. Bg5 Rad8 24. Nd4 Qc7 25. Nb5 Qb6 26. Bf4 Nfe4 27. Qh4+
Bf6 28. Qxh7+ Ke8 29. Qxg6+ Ke7 30. f3 Nd3+ 31. Kh1 Ndf2+ 32. Kg1 Nh3+ 33. Kf1
Qf2# 0-1

[Event "ch-FRA Blitz Online Qual"]
[Site "Europe-Chess INT"]
[Date "2020.05.16"]
[Round "11"]
[White "Fondrat, Johan"]
[Black "Condat, Hugo"]
[Result "1-0"]
[WhiteElo "1509"]
[BlackElo "1961"]
[WhiteFideId "45156069"]
[BlackFideId "26027402"]
[EventDate "2020.05.16"]

1. e4 e6 2. d3 d5 3. Nd2 dxe4 4. dxe4 e5 5. Ngf3 Nc6 6. Bc4 Bc5 7. O-O Nf6 8. h3
Qe7 9. Re1 a6 10. a4 Be6 11. Qe2 Nd4 12. Nxd4 Bxd4 13. c3 Ba7 14. Nf3 Bxc4 15.
Qxc4 O-O 16. Bg5 Rfe8 17. Bxf6 Qxf6 18. Qxc7 Qb6 19. Qxb6 Bxb6 20. Rad1 Rad8 21.
Rxd8 Rxd8 22. Nxe5 Rd2 23. Rf1 Bc7 24. Nc4 Re2 25. f3 b5 26. axb5 axb5 27. Na3
Rxb2 28. Rd1 g6 29. Rd7 Be5 30. Rd5 Bg3 31. Rxb5 Ra2 32. Rb3 Re2 33. Rb1 Ra2 34.
Nb5 Rc2 35. Nd4 Rd2 36. Kh1 Be5 37. Nb5 Bg3 38. c4 Rc2 39. Na3 Rc3 40. Ra1 Bd6
41. Nb5 Bg3 42. Nxc3 1-0

[Event "ch-FRA Blitz Online Qual"]
[Site "Europe-Chess INT"]
[Date "2020.05.16"]
[Round "11"]
[White "Vanneste, Axel"]
[Black "Triton, Maxime"]
[Result "0-1"]
[WhiteElo "1413"]
[BlackElo "1843"]
[WhiteFideId "36020192"]
[BlackFideId "36062979"]
[EventDate "2020.05.16"]

1. e4 c5 2. Nc3 e6 3. Nf3 Nc6 4. d4 cxd4 5. Nxd4 Qc7 6. Bc4 Nf6 7. Bb3 a6 8. Bg5
Be7 9. O-O b5 10. a4 b4 11. Bxf6 Bxf6 12. Nxc6 bxc3 13. Nb4 cxb2 14. Rb1 Bb7 15.
Re1 O-O 16. Nd3 Rfd8 17. Nxb2 Rac8 18. Nc4 d5 19. exd5 Bxd5 20. Qg4 Bxc4 21.
Red1 Bxb3 22. cxb3 g6 23. Qf3 Bg7 24. h3 Rxd1+ 25. Rxd1 h6 26. Qd3 a5 27. Qb5
Qc2 28. Rd7 Qc1+ 29. Kh2 Qc5 30. Rd8+ Kh7 31. Rxc8 Qxc8 32. Qxa5 Qb8+ 33. Kg1
Qxb3 34. Qa7 Qd1+ 35. Kh2 Be5+ 36. g3 Kg7 37. a5 Qd2 38. Kg2 Bd4 39. Qa8 Qxf2+
40. Kh1 Qg1# 0-1

[Event "ch-FRA Blitz Online Qual"]
[Site "Europe-Chess INT"]
[Date "2020.05.16"]
[Round "11"]
[White "Morais, Thomas"]
[Black "Le Bas, Alexis"]
[Result "1-0"]
[WhiteElo "1710"]
[BlackElo "1889"]
[WhiteFideId "36034703"]
[BlackFideId "651087"]
[EventDate "2020.05.16"]

1. e4 e5 2. f4 exf4 3. Nf3 g5 4. Bc4 d6 5. O-O Bg7 6. c3 h6 7. d4 Ne7 8. g3 fxg3
9. hxg3 O-O 10. Bxg5 hxg5 11. Nxg5 d5 12. Qh5 Bxd4+ 13. cxd4 1-0

[Event "ch-FRA Blitz Online Qual"]
[Site "Europe-Chess INT"]
[Date "2020.05.16"]
[Round "11"]
[White "Quartararo, Pierre"]
[Black "Vie, Maxence"]
[Result "0-1"]
[WhiteElo "1909"]
[BlackElo "1648"]
[WhiteFideId "614491"]
[BlackFideId "45150168"]
[EventDate "2020.05.16"]

1. d4 f5 2. c4 Nf6 3. Nc3 g6 4. e3 Bg7 5. Bd3 O-O 6. Nf3 d6 7. b3 c6 8. Bb2 Qc7
9. Qc2 e5 10. dxe5 dxe5 11. e4 fxe4 12. Nxe4 Bg4 13. Nfd2 Nbd7 14. f3 Be6 15.
O-O-O Rac8 16. Kb1 Qa5 17. h4 h6 18. g4 b5 19. c5 Qc7 20. Nd6 Rb8 21. Bxg6 Nd5
22. Rde1 a5 23. g5 a4 24. gxh6 Bxh6 25. N2e4 Nf4 26. Rhg1 Kh8 27. Ng5 axb3 28.
axb3 Bg7 29. Nxe6 Nxe6 30. Nf7+ Kg8 31. Ng5 Nexc5 32. Bh7+ Kh8 33. Qg6 Nf6 34.
Nf7+ Rxf7 35. Bxe5 Qd7 36. Bxf6 Rxf6 37. Qxg7+ Qxg7 38. Rxg7 Kxg7 39. Bc2 Rb7
40. Rg1+ Kf7 41. h5 Re7 42. Bg6+ Kf8 43. Rc1 Ne6 44. Be4 Nf4 45. Bxc6 Ree6 46.
Be4 Nxh5 47. Rc8+ Kf7 48. Rc7+ Re7 49. Rc5 Ng3 50. Bd5+ Kg7 51. Rxb5 Ne2 52. Rb8
Nc3+ 53. Kb2 Nxd5 54. Rb5 Ne3 55. Rg5+ Kh6 56. Rg3 Rg7 57. Rh3+ Kg5 58. b4 Kf4
59. b5 Nc4+ 60. Kb3 Nb6 61. Kb4 Rg3 62. Rh4+ Kxf3 63. Rd4 Rg4 64. Kc5 Rxd4 65.
Kxd4 Rf5 66. Kc3 Rxb5 67. Kd4 Rd5+ 68. Kc3 Ke3 69. Kc2 Rd3 70. Kb2 Kd2 71. Ka2
Nc4 72. Ka1 Kc2 73. Ka2 Rb3 74. Ka1 Rb8 75. Ka2 Ra8# 0-1

[Event "ch-FRA Blitz Online Qual"]
[Site "Europe-Chess INT"]
[Date "2020.05.16"]
[Round "11"]
[White "Zachary, Bastian"]
[Black "El Barbry, Sarah"]
[Result "0-1"]
[WhiteElo "1923"]
[BlackElo "1779"]
[WhiteFideId "36019402"]
[BlackFideId "26051419"]
[EventDate "2020.05.16"]

1. d4 e6 2. Bf4 Nf6 3. Nf3 d5 4. e3 c5 5. c3 Nc6 6. Nbd2 Bd6 7. Bg3 O-O 8. Bd3
Bb8 9. Qb1 cxd4 10. exd4 Re8 11. O-O e5 12. dxe5 Nxe5 13. Bf5 Bxf5 14. Qxf5
Nxf3+ 15. Nxf3 Bxg3 16. hxg3 Qb6 17. b3 Re7 18. Rac1 Rae8 19. c4 dxc4 20. Rxc4
h6 21. Rfc1 Re2 22. Nd4 R2e5 23. Qc2 Ng4 24. a3 Qf6 25. Rf1 Qg5 26. Nf3 Qh5 27.
Rxg4 Qxg4 28. Nxe5 Rxe5 29. Rd1 g6 30. Rd8+ Kh7 31. Qb2 Re1+ 32. Kh2 Qh5# 0-1

[Event "ch-FRA Blitz Online Qual"]
[Site "Europe-Chess INT"]
[Date "2020.05.16"]
[Round "11"]
[White "Bellahcene, Sofia"]
[Black "Auribault, Louis"]
[Result "1-0"]
[WhiteElo "1948"]
[BlackElo "1618"]
[WhiteFideId "26075954"]
[BlackFideId "45196591"]
[EventDate "2020.05.16"]

1. e4 e5 2. Bc4 Nf6 3. d3 c6 4. Nf3 d5 5. Bb3 Bd6 6. exd5 cxd5 7. Nc3 d4 8. Ne4
Nxe4 9. dxe4 O-O 10. O-O Bg4 11. h3 Bh5 12. g3 Kh8 13. g4 Bg6 14. Bg5 f6 15. Bh4
Bxe4 16. Nd2 Bg6 17. Qf3 Nc6 18. a3 Qe7 19. Bd5 Rac8 20. Ne4 Bc5 21. Rac1 a6 22.
Ng3 Rfe8 23. Nf5 Bxf5 24. Qxf5 Rcd8 25. Be4 g6 26. Bxf6+ Kg8 27. Qg5 Qf7 28.
Bxd8 Rxd8 29. Bxc6 bxc6 30. Qxd8+ Bf8 31. Rce1 1-0

[Event "ch-FRA Blitz Online Qual"]
[Site "Europe-Chess INT"]
[Date "2020.05.16"]
[Round "11"]
[White "Huynh, Nicolas"]
[Black "Daude, Alexandre"]
[Result "1-0"]
[WhiteElo "1836"]
[BlackElo "1518"]
[WhiteFideId "36081302"]
[BlackFideId "45102660"]
[EventDate "2020.05.16"]

1. e4 e6 2. d4 d5 3. Nc3 Bb4 4. e5 c5 5. Bd2 cxd4 6. Nb5 Bxd2+ 7. Qxd2 Ne7 8.
Nd6+ Kf8 9. f4 Nbc6 10. Nf3 Qb6 11. O-O-O a5 12. Nxd4 a4 13. a3 g6 14. g4 Kg7
15. Qc3 Bd7 16. N4b5 Na5 17. h4 Bxb5 18. Bxb5 Rhc8 19. Nxc8 Rxc8 20. Qd3 Rc5 21.
Bxa4 Nc4 22. Bb3 Na5 23. Kb1 Rb5 24. h5 Nec6 25. hxg6 fxg6 26. Qh3 h5 27. gxh5
Nxb3 28. cxb3 Rxb3 29. Qg2 Na5 30. Qxg6+ Kf8 31. Qf6+ Ke8 32. Qh8+ Kd7 33. Rh2
Nc4 34. Qg7+ Ke8 35. Qg8+ Kd7 36. Rg2 Rxb2+ 37. Ka1 Qb3 38. Rg7+ Kc6 39. Qxe6+
Kb5 40. Rxd5+ Ka4 41. Qd7+ b5 42. Qa7+ Na5 43. Qd4+ Qc4 44. Qxc4+ Nxc4 45. Rd4
Kxa3 46. Rxc4 bxc4 47. Ra7+ Kb3 48. Rb7+ Kc3 49. Rxb2 Kd3 50. Kb1 c3 51. Rc2 Kd4
52. e6 1-0

[Event "ch-FRA Blitz Online Qual"]
[Site "Europe-Chess INT"]
[Date "2020.05.16"]
[Round "11"]
[White "Sabapathee, Florian"]
[Black "Afraoui, Anaelle"]
[Result "1-0"]
[BlackTitle "WFM"]
[WhiteElo "1444"]
[BlackElo "2120"]
[WhiteFideId "45195951"]
[BlackFideId "20654383"]
[EventDate "2020.05.16"]

1. e4 d6 2. d4 Nf6 3. Nc3 g6 4. f4 Bg7 5. Nf3 O-O 6. Bc4 Nbd7 7. O-O e5 8. Nd5
Nxe4 9. Qd3 Nef6 10. dxe5 dxe5 11. fxe5 Nxd5 12. Bxd5 Qe7 13. Bg5 Qe8 14. e6
fxe6 15. Rfe1 Nf6 16. Bxf6 Bxf6 17. Nd4 Kg7 18. Bxe6 Kh8 19. Bxc8 Qxc8 20. Ne6
Re8 21. Qc4 Qd7 22. Nxc7 Rxe1+ 23. Rxe1 Rc8 24. Re6 Rxc7 25. Qe4 Bd4+ 26. Kh1
Rc8 27. Re7 Qd6 28. Re6 Qc5 29. c3 Bg7 30. b4 Qxc3 31. Re8+ Rxe8 32. Qxe8+ 1-0

[Event "ch-FRA Blitz Online Qual"]
[Site "Europe-Chess INT"]
[Date "2020.05.16"]
[Round "11"]
[White "Demarche, Laurent"]
[Black "Mendoza, Mael"]
[Result "0-1"]
[WhiteElo "1835"]
[BlackElo "1451"]
[WhiteFideId "609757"]
[BlackFideId "551036533"]
[EventDate "2020.05.16"]

1. d3 d5 2. Nd2 e5 3. e4 dxe4 4. dxe4 Nf6 5. Ngf3 Nc6 6. Be2 Bc5 7. O-O O-O 8.
c3 Be6 9. b4 Bb6 10. Qc2 a5 11. b5 Ne7 12. a4 Ng6 13. Nc4 Bxc4 14. Bxc4 Qe7 15.
h3 Rfd8 16. Be2 h6 17. Nd2 Nf4 18. Nc4 Nxe2+ 19. Qxe2 Bc5 20. Kh1 Rd7 21. f3 b6
22. Be3 Rad8 23. Rad1 Bxe3 24. Nxe3 Rxd1 25. Rxd1 g6 26. Rxd8+ Qxd8 27. Kg1 Qd6
28. Qd1 Qxd1+ 29. Nxd1 Kf8 30. Kf2 Ke7 31. g3 Kd6 32. Ne3 Nd7 33. Nc4+ Ke6 34.
Ke3 Nc5 35. Nb2 f6 36. f4 f5 37. fxe5 Nxe4 38. g4 Nxc3 39. Kd4 Ne2+ 40. Ke3 Ng1
41. gxf5+ gxf5 42. h4 Kxe5 43. Nc4+ Kd5 44. Nd2 Nh3 45. Kf3 Ke5 46. Nc4+ Kd4 47.
Ne3 f4 48. Nf5+ Kc4 49. Nxh6 Kb4 50. Nf5 Kxa4 51. h5 Kxb5 52. h6 a4 53. h7 Ng5+
54. Kxf4 Nxh7 55. Nd4+ Kc4 56. Ke3 Nf6 57. Nc6 Nd5+ 58. Kd2 Kb3 59. Nd4+ Kb2 60.
Nb5 c5 61. Kd3 a3 62. Kc4 Ne3+ 63. Kd3 Nc2 64. Kc4 a2 65. Nc3 a1=Q 66. Nd1+ Qxd1
67. Kb5 Na3+ 68. Kxb6 Qb3+ 69. Kxc5 Qc4+ 70. Kb6 Qb5+ 71. Kc7 Nc4 72. Kc8 Qb6
73. Kd7 Qd6+ 74. Kc8 Qe7 75. Kb8 Nd6 76. Ka8 Qb7# 0-1

[Event "ch-FRA Blitz Online Qual"]
[Site "Europe-Chess INT"]
[Date "2020.05.16"]
[Round "11"]
[White "Assouane, Aksel"]
[Black "Vine, Guillaume"]
[Result "0-1"]
[WhiteElo "1238"]
[BlackElo "1824"]
[WhiteFideId "45154708"]
[BlackFideId "20654219"]
[EventDate "2020.05.16"]

1. e4 c6 2. d4 d5 3. Nc3 dxe4 4. Nxe4 Nf6 5. Ng3 h5 6. Bd3 h4 7. N3e2 e6 8. Bg5
Be7 9. Qd2 Nd5 10. Bxe7 Qxe7 11. Nf4 Nxf4 12. Qxf4 Nd7 13. O-O-O Nb6 14. Nh3 Nd5
15. Qg4 g6 16. Rhe1 Bd7 17. Bc4 O-O-O 18. Bxd5 cxd5 19. Qf3 Bc6 20. Qc3 Rd7 21.
Qf3 Rc7 22. Kb1 Kb8 23. Qg4 Rhc8 24. c3 Ba4 25. Rd2 Qd6 26. Qf4 Qb6 27. Qxh4 Ka8
28. Qg3 Rxc3 29. Qf4 Rc2 30. Rxc2 Rxc2 31. b3 Bxb3 32. axb3 Qxb3+ 33. Ka1 Ra2# 0-1

[Event "ch-FRA Blitz Online Qual"]
[Site "Europe-Chess INT"]
[Date "2020.05.16"]
[Round "11"]
[White "Capouilliet, Sylvain"]
[Black "Sureau, Corentin"]
[Result "0-1"]
[WhiteElo "1821"]
[BlackElo "1686"]
[WhiteFideId "660337"]
[BlackFideId "36067687"]
[EventDate "2020.05.16"]

1. d4 Nf6 2. Bg5 d5 3. Bxf6 gxf6 4. e3 Nc6 5. c4 dxc4 6. Bxc4 e5 7. Ne2 Bf5 8.
Qb3 Qd7 9. O-O Bd6 10. Ng3 Bg4 11. f3 Be6 12. Bxe6 fxe6 13. d5 exd5 14. Qxd5
O-O-O 15. Nc3 Nb4 16. Qb3 h5 17. a3 Na6 18. h4 Rhg8 19. Nge4 Nc5 20. Qb5 Qh3 21.
Rf2 Nxe4 22. Nxe4 f5 23. Ng5 Qxh4 24. Nf7 e4 25. f4 Rd7 26. Qxf5 Bc5 27. Rd1
Bxe3 28. Qxd7+ Kb8 29. Rf1 Qg3 30. Ng5 Bxf2+ 31. Rxf2 e3 32. Rf3 Qe1+ 33. Kh2
Qh4+ 34. Kg1 e2 35. Re3 e1=Q+ 36. Rxe1 Qxe1+ 37. Kh2 h4 38. Qd5 Qg3+ 39. Kg1 Re8
40. Qf3 Re1+ 41. Qf1 Rxf1+ 42. Kxf1 Qxf4+ 43. Kg1 Qxg5 44. Kh2 Qc1 45. Kh3 Qxb2
46. Kxh4 Qxa3 47. g4 Qb4 48. Kh5 a5 49. g5 a4 50. g6 Qc5+ 51. Kh6 Qd6 52. Kh7
Qxg6+ 53. Kxg6 a3 0-1

[Event "ch-FRA Blitz Online Qual"]
[Site "Europe-Chess INT"]
[Date "2020.05.16"]
[Round "11"]
[White "Dazi, Adam"]
[Black "Larmet, Nino"]
[Result "0-1"]
[WhiteElo "1336"]
[BlackElo "1818"]
[WhiteFideId "45106959"]
[BlackFideId "45105219"]
[EventDate "2020.05.16"]

1. e4 e5 2. Nf3 Nc6 3. Bc4 Bc5 4. Nc3 Nf6 5. d3 O-O 6. Bg5 h6 7. Bh4 Be7 8. O-O
d6 9. Qe2 Bg4 10. h3 Nd4 11. Qe3 Bxf3 12. gxf3 Nxc2 13. Qc1 Nxa1 14. Qxa1 Nh5
15. Bxe7 Qxe7 16. Nd5 Qg5+ 17. Kh2 Nf4 18. Rg1 Qh4 19. Rg3 Nxd5 20. Bxd5 c6 21.
Bc4 Qf4 22. Qg1 g6 23. Kh1 Kh7 24. Qg2 Rg8 25. Rg4 Qc1+ 26. Kh2 Rg7 27. b3 h5
28. Rg3 Qf4 29. Kh1 b5 30. Bxf7 Qxf7 31. h4 Rf8 32. Kg1 Qf4 33. Qh2 Qc1+ 34. Kg2
Rgf7 35. Qh3 Qf4 36. Kh2 Qd2 37. Kg2 Qxd3 38. Qe6 Rf6 39. Qe7+ R8f7 40. Qe8 Rxf3
41. Rg5 Rxf2+ 42. Kh1 Qh3+ 43. Kg1 Qh2# 0-1

[Event "ch-FRA Blitz Online Qual"]
[Site "Europe-Chess INT"]
[Date "2020.05.16"]
[Round "11"]
[White "Hassler, Tim"]
[Black "Kollar, Guillaume"]
[Result "1-0"]
[WhiteElo "1933"]
[BlackElo "1439"]
[WhiteFideId "36052566"]
[BlackFideId "36001732"]
[EventDate "2020.05.16"]

1. e4 c5 2. Nf3 d6 3. d4 cxd4 4. Qxd4 Nc6 5. Bb5 Bd7 6. Bxc6 bxc6 7. c4 e6 8.
Nc3 Be7 9. b3 Qa5 10. Bd2 Qc7 11. O-O Bf6 12. Qd3 Ne7 13. Rad1 O-O 14. Bg5 Bxc3
15. Qxc3 f6 16. Bf4 e5 17. Be3 c5 18. Qd2 Nc8 19. Qd5+ Kh8 20. Bxc5 dxc5 21.
Qxd7 Qxd7 22. Rxd7 Nb6 23. Rd6 Rad8 24. Rfd1 Kg8 25. Rxd8 Rxd8 26. Rxd8+ 1-0

[Event "ch-FRA Blitz Online Qual"]
[Site "Europe-Chess INT"]
[Date "2020.05.16"]
[Round "11"]
[White "Nguyen, Theo"]
[Black "Acudad, Marsuk"]
[Result "0-1"]
[WhiteElo "1309"]
[BlackElo "1665"]
[WhiteFideId "551068591"]
[BlackFideId "689157"]
[EventDate "2020.05.16"]

1. d4 Nf6 2. Nf3 e6 3. g3 c5 4. Bg2 cxd4 5. Nxd4 e5 6. Nf3 Nc6 7. Nc3 d5 8. e3
Be6 9. b3 Bb4 10. Bd2 O-O 11. O-O Rc8 12. a3 Bd6 13. Nb5 Bc5 14. b4 Be7 15. Nc3
e4 16. Ne1 Ne5 17. f3 Nc4 18. Qc1 Bd7 19. fxe4 dxe4 20. Nxe4 Bc6 21. Nxf6+ Bxf6
22. c3 Qxd2 23. Qxd2 Nxd2 24. Rc1 Nxf1 25. Bxf1 Be4 26. Bg2 Bxg2 27. Nxg2 Rxc3
28. Rxc3 Bxc3 29. Kf2 Bb2 30. a4 Ba3 31. b5 Rc8 32. Ke2 Rc4 33. a5 Ra4 34. a6
bxa6 35. bxa6 Rxa6 36. Kd3 Rc6 37. Ne1 Bd6 38. Nc2 a5 39. Nd4 Rc8 40. Nb5 Bf8
41. Kd2 a4 42. Nc3 a3 43. Kc2 g6 44. Kb3 Kg7 45. Nb1 Rb8+ 46. Ka2 Rb2+ 47. Ka1
Rxh2 48. Nxa3 Bxa3 0-1

[Event "ch-FRA Blitz Online Qual"]
[Site "Europe-Chess INT"]
[Date "2020.05.16"]
[Round "11"]
[White "Mouret, Paul"]
[Black "Mareau, Timothe"]
[Result "0-1"]
[WhiteElo "1748"]
[BlackElo "1642"]
[WhiteFideId "36059170"]
[BlackFideId "45148864"]
[EventDate "2020.05.16"]

1. e4 e6 2. d4 d5 3. Nc3 Nc6 4. e5 f6 5. f4 fxe5 6. fxe5 Qh4+ 7. g3 Qxd4 8. Nf3
Qxd1+ 9. Kxd1 Bc5 10. Nb5 Bb6 11. c4 a6 12. Nc3 Nd4 13. Nh4 c6 14. Na4 Ba7 15.
Be3 b5 16. Nc3 Nh6 17. cxb5 cxb5 18. h3 Nhf5 19. Bf2 O-O 20. Nxf5 Rxf5 21. Bxd4
Bxd4 22. Ne2 Bxb2 23. Rb1 Bxe5 24. Rc1 Bd7 25. g4 Rff8 26. Rb1 Rfc8 27. Kd2 Rc7
28. Bg2 Rac8 29. Rhd1 Bc3+ 30. Kd3 b4 31. Ke3 Bb5 32. Nf4 d4+ 33. Kf2 e5 34.
Bd5+ Kh8 35. Ne6 Rf7+ 36. Kg3 Rd7 37. Be4 Re8 38. Ng5 h6 39. Nf3 Rf7 40. Nd2
Ref8 41. Bd5 Rf4 42. Ne4 Rf3+ 43. Kg2 Re3 44. Rf1 Bxf1+ 45. Rxf1 Rxf1 46. Kxf1
a5 47. Nd6 Re1+ 48. Kf2 a4 0-1

[Event "ch-FRA Blitz Online Qual"]
[Site "Europe-Chess INT"]
[Date "2020.05.16"]
[Round "11"]
[White "Ciarletta, Iris"]
[Black "Goyer, Lionel"]
[Result "1-0"]
[WhiteElo "1493"]
[BlackElo "1782"]
[WhiteFideId "45133263"]
[BlackFideId "20628706"]
[EventDate "2020.05.16"]

1. d4 d5 2. c4 c6 3. Nc3 Nf6 4. Bg5 e6 5. Nf3 Be7 6. Bxf6 Bxf6 7. e3 O-O 8. Qc2
a6 9. c5 Nd7 10. a4 Qc7 11. Bd3 g6 12. O-O e5 13. Nd2 1-0

[Event "ch-FRA Blitz Online Qual"]
[Site "Europe-Chess INT"]
[Date "2020.05.16"]
[Round "11"]
[White "Commin-Humeau, Augustin"]
[Black "Weber, Richard"]
[Result "1-0"]
[WhiteElo "1971"]
[BlackElo "1463"]
[WhiteFideId "26093006"]
[BlackFideId "644382"]
[EventDate "2020.05.16"]

1. e4 c5 2. c3 d6 3. d4 cxd4 4. cxd4 e6 5. Nf3 Nf6 6. Nc3 Nbd7 7. Be2 a6 8. a4
Be7 9. O-O O-O 10. e5 dxe5 11. dxe5 Ne8 12. Be3 Bc5 13. Bxc5 b6 14. Bxf8 Kxf8
15. Qd3 Qc7 16. Qxh7 g6 17. Ne4 Nxe5 18. Qh8+ Ke7 19. Qxe5 Qxe5 20. Nxe5 Bb7 21.
Bf3 Rb8 22. Rac1 Ng7 23. Nc6+ Bxc6 24. Rxc6 b5 25. Rd1 f5 26. Rc7+ Kf8 27. Rdd7
Ne8 28. Rf7+ Kg8 29. Nf6+ Nxf6 30. Rxf6 g5 31. h3 Rd8 32. Rg6+ Kf8 33. Rh6 Rd1+
34. Bxd1 Kg8 35. Rxe6 1-0

[Event "ch-FRA Blitz Online Qual"]
[Site "Europe-Chess INT"]
[Date "2020.05.16"]
[Round "11"]
[White "Batout, Ethan"]
[Black "Carlier-Bromberg, Paul"]
[Result "1/2-1/2"]
[WhiteElo "1267"]
[BlackElo "1790"]
[WhiteFideId "551081806"]
[BlackFideId "36099155"]
[EventDate "2020.05.16"]

1. d4 d5 2. c4 e6 3. Nc3 Nf6 4. cxd5 exd5 5. Bg5 Nbd7 6. e3 Be7 7. Bxf6 Nxf6 8.
Bd3 O-O 9. Qc2 Be6 10. Nge2 Qd7 11. Ng3 h6 12. O-O Bd6 13. Rfe1 Bxg3 14. hxg3
Rfe8 15. b4 a6 16. a4 Qd6 17. b5 a5 18. Rec1 Rec8 19. Ne2 Nd7 20. Nf4 c5 21.
bxc6 Rxc6 22. Qb3 Rb6 23. Qa3 Qxa3 24. Rxa3 Nf6 25. f3 Rc8 26. Rxc8+ Bxc8 27.
Rc3 Bd7 28. Bc2 Rb4 29. Ra3 Rb2 30. Bb3 Bc6 31. Nd3 Rb1+ 32. Kf2 g5 33. Nc5 g4
34. Nd3 h5 35. Nf4 Kg7 36. Nd3 gxf3 37. gxf3 Nd7 38. Nf4 Kh6 39. Nxd5 Rxb3 40.
Rxb3 Bxd5 41. Rb5 Bc6 42. Rxa5 Nb6 43. Ra7 Nxa4 44. Ke2 Nc3+ 45. Kd3 Nd5 46. e4
Ne7 47. d5 Bb5+ 48. Kc3 Ng6 49. Rxb7 Be2 50. Rxf7 Ne5 51. Rf4 Bxf3 52. d6 Bg4
53. Rf6+ Kg7 54. Rf4 Nd7 55. Kd4 Kg6 56. e5 Kg5 57. Kd5 h4 58. Rf7 Nb6+ 59. Kc6
Nc4 60. gxh4+ Kxh4 61. d7 Bxd7+ 62. Kxd7 Nxe5+ 63. Ke7 Nxf7 1/2-1/2

[Event "ch-FRA Blitz Online Qual"]
[Site "Europe-Chess INT"]
[Date "2020.05.16"]
[Round "11"]
[White "Schrefheere, Anthime"]
[Black "Moeller, Joshua"]
[Result "1-0"]
[WhiteElo "1750"]
[BlackElo "1469"]
[WhiteFideId "657646"]
[BlackFideId "45167834"]
[EventDate "2020.05.16"]

1. e4 e6 2. d3 d5 3. Nd2 c5 4. g3 b6 5. Bg2 Bb7 6. e5 Ne7 7. Ne2 Nbc6 8. Nf3 Qc7
9. O-O Ng6 10. d4 cxd4 11. Nexd4 Ncxe5 12. Nxe5 Nxe5 13. Bf4 a6 14. Re1 Bd6 15.
Qh5 Ng6 16. Nxe6 fxe6 17. Rxe6+ Kd7 18. Bxd6 Qxd6 19. Rxd6+ Kxd6 20. Rd1 Ne7 21.
c4 g6 22. Qg5 h6 23. Qf6+ Kd7 24. Qxb6 Bc6 25. cxd5 Rhb8 26. dxc6+ 1-0

[Event "ch-FRA Blitz Online Qual"]
[Site "Europe-Chess INT"]
[Date "2020.05.16"]
[Round "11"]
[White "Herbin, Alexandre"]
[Black "Brunet-Moret, Leopold"]
[Result "1-0"]
[WhiteElo "1869"]
[BlackElo "1109"]
[WhiteFideId "36047783"]
[BlackFideId "551078201"]
[EventDate "2020.05.16"]

1. e4 c5 2. Nf3 Nc6 3. d4 cxd4 4. Nxd4 Qa5+ 5. Bd2 Qe5 6. Nf3 Qxe4+ 7. Be2 Nd4
8. Nxd4 Qxd4 9. Nc3 Nf6 10. Nb5 Qb6 11. Be3 Qd8 12. O-O a6 13. Nd4 g6 14. c3 Bg7
15. Qd2 O-O 16. Bf3 e6 17. Rad1 d5 18. Bh6 Ne4 19. Bxe4 dxe4 20. Bxg7 Kxg7 21.
Qf4 f5 22. Nxe6+ Bxe6 23. Rxd8 Raxd8 24. Qe5+ Kf7 25. a3 Rd2 26. Qc7+ Rd7 27.
Qc5 Rfd8 28. h3 Rd2 29. b4 Rc2 30. Qc7+ Rd7 31. Qc5 Ra2 32. b5 Rd5 33. Qc7+ Rd7
34. Qc5 axb5 35. Qxb5 Rxa3 36. Rb1 Rxc3 37. Qe5 Rcc7 38. Rb6 Rc6 39. Rb4 Rd5 40.
Rxb7+ Rd7 41. Rxd7+ Bxd7 42. Qd5+ Ke7 43. Qe5+ Re6 44. Qg7+ Kd6 45. Qxh7 Bb5 46.
Qb7 Bc6 47. Qb4+ Ke5 48. h4 Rd6 49. Qc5+ Bd5 50. Qc7 Ke6 51. Qg7 Rc6 52. Qxg6+
Ke5 53. Qg7+ Kf4 54. h5 Rc1+ 55. Kh2 Rc2 56. Qg3# 1-0